| 000 | 00916nam a2200277 a 4500 | ||
|---|---|---|---|
| 001 | 66655 | ||
| 003 | BD-RjUL | ||
| 005 | 20211209081550.0 | ||
| 008 | 170318s1968 enka b 001 0 eng d | ||
| 020 | _a0710035012 | ||
| 035 | _aCURL 980068012258(Lc ) from rajwc170 | ||
| 035 | _a(BD-RjUL)66785 | ||
| 040 |
_aBD-RjUL _beng _cBD-RjUL _dBD-RjUL |
||
| 041 | _aeng | ||
| 082 |
_223 _a128.2 _bSES 1968 |
||
| 100 | 1 |
_aSellars, Wilfrid _9197334 |
|
| 245 | 1 | 0 |
_aScience and metaphysics : _bvariations on Kantian themes / _cby Wilfrid Sellars |
| 260 |
_aLondon : _bRoutledge & Kegan Paul, _cc1968. |
||
| 300 |
_ax, 246 p. : _bill. ; _c23 cm. |
||
| 490 | _aInternational library of philosophy and scientific method | ||
| 500 | _aIncludes Indexes | ||
| 650 |
_aPhilosophy of mind _9197335 |
||
| 830 | 0 |
_aInternational library of philosophy and scientific method _9198346 |
|
| 942 |
_2ddc _cBK |
||
| 999 |
_c66655 _d66655 |
||